|
|
|
|
| LEADER |
05091nam a2200817 4500 |
| 001 |
ocn867852779 |
| 003 |
OCoLC |
| 005 |
20170124071147.5 |
| 006 |
m o d |
| 007 |
cr ||||||||||| |
| 008 |
140108s2014 enk ob 001 0 eng |
| 010 |
|
|
|a 2014000676
|
| 040 |
|
|
|a DLC
|b eng
|e rda
|e pn
|c DLC
|d N$T
|d EBLCP
|d DG1
|d CUS
|d IDEBK
|d UKMGB
|d OCLCF
|d CDX
|d YDXCP
|d RECBK
|d DEBSZ
|d OCLCQ
|d DG1
|d GrThAP
|
| 016 |
7 |
|
|a 016697513
|2 Uk
|
| 019 |
|
|
|a 878110892
|a 894125899
|a 927508182
|
| 020 |
|
|
|a 9781118412381
|q (ePub)
|
| 020 |
|
|
|a 1118412389
|q (ePub)
|
| 020 |
|
|
|a 9781118412350
|q (Adobe PDF)
|
| 020 |
|
|
|a 1118412354
|q (Adobe PDF)
|
| 020 |
|
|
|a 9781118412367
|
| 020 |
|
|
|a 1118412362
|
| 020 |
|
|
|a 130668529X
|
| 020 |
|
|
|a 9781306685290
|
| 020 |
|
|
|a 1118412346
|q (Cloth)
|
| 020 |
|
|
|a 9781118412343
|q (Cloth)
|
| 020 |
|
|
|z 9781118412343
|q (cloth)
|
| 029 |
1 |
|
|a AU@
|b 000052923060
|
| 029 |
1 |
|
|a CHBIS
|b 010259654
|
| 029 |
1 |
|
|a CHVBK
|b 325940533
|
| 029 |
1 |
|
|a DEBSZ
|b 43167521X
|
| 029 |
1 |
|
|a NZ1
|b 15581262
|
| 029 |
1 |
|
|a DEBSZ
|b 475024966
|
| 029 |
1 |
|
|a DEBBG
|b BV041997423
|
| 035 |
|
|
|a (OCoLC)867852779
|z (OCoLC)878110892
|z (OCoLC)894125899
|z (OCoLC)927508182
|
| 037 |
|
|
|a 599780
|b MIL
|
| 042 |
|
|
|a pcc
|
| 043 |
|
|
|a e------
|
| 050 |
0 |
0 |
|a HD7288.78.E85
|
| 072 |
|
7 |
|a BUS
|x 032000
|2 bisacsh
|
| 072 |
|
7 |
|a SOC
|x 000000
|2 bisacsh
|
| 082 |
0 |
0 |
|a 363.5/85094
|2 23
|
| 049 |
|
|
|a MAIN
|
| 245 |
0 |
0 |
|a Social housing in Europe /
|c edited by Kathleen Scanlon, Christine Whitehead, Melissa Fernández Arrigoitia.
|
| 264 |
|
1 |
|a Chichester, West Sussex, United Kingdom :
|b Wiley Blackwell,
|c 2014.
|
| 300 |
|
|
|a 1 online resource.
|
| 336 |
|
|
|a text
|b txt
|2 rdacontent
|
| 337 |
|
|
|a computer
|b c
|2 rdamedia
|
| 338 |
|
|
|a online resource
|b cr
|2 rdacarrier
|
| 490 |
1 |
|
|a Real estate issues
|
| 504 |
|
|
|a Includes bibliographical references and index.
|
| 588 |
0 |
|
|a Print version record and CIP data provided by publisher.
|
| 505 |
0 |
|
|a ""Series pages -- Real Estate Issues -- Books in the series -- Title Page -- Copyright -- Notes on Contributors -- Foreword -- Acknowledgments -- Chapter 1: Introduction -- National stocks of social housing -- Ownership -- Rents -- Access -- Housing allowance -- Demographics of social tenants -- References -- Section One: Social Housing in 12 European Countries -- Part I: Large Social Housing Sectors -- Chapter 2: Social Housing in the Netherlands -- Position of social housing -- Historical development -- The provision of social housing -- Finance""
|
| 505 |
8 |
|
|a ""Rents -- Access and allocation -- Social housing-tenants -- Governance and regulation -- Current debates -- Notes -- References -- Chapter 3: Social Housing in Scotland -- Introduction -- Historical development of social housing in Scotland -- Tenure profile and trends -- Insecure accommodation -- Housing allocations -- Financing of social housing -- Governance and regulation -- Capital investment in housing -- Right to Buy -- Housing finance -- New house-building trends -- Financial innovations -- Conclusion: Present-day policy environment -- Notes""
|
| 505 |
8 |
|
|a ""Access to social housing/eligibility -- Demographics of social housing -- Rent levels -- Other forms of affordable provision -- The political debate -- Recent initiatives -- Conclusion -- References -- Chapter 6: Social Housing in Sweden -- The concept of social housing in the Swedish context -- Tenure forms and rent setting in Sweden -- MHCs in Sweden -- Housing allowances and other economic support -- How the social authorities work with housing issues -- Some recent trends -- Conclusion -- Notes -- References -- Chapter 7: Social Housing in England""
|
| 505 |
8 |
|
|a ""The housing stock and the changing importance of tenure structure -- Structure and ownership in the social sector -- Investment in new social housing -- Rent determination -- Who lives in the social sector? -- Looking to the future -- References -- Chapter 8: Social Housing in France -- Introduction: the current position of social housing in France -- Historical development of social housing -- Organisation of the social housing sector -- Financing social housing -- Rents -- Access and allocation -- Tenant demographics -- Current issues and political debates""
|
| 650 |
|
0 |
|a Public housing
|z Europe.
|
| 650 |
|
0 |
|a Housing policy
|z Europe.
|
| 650 |
|
4 |
|a Public housing
|z Europe.
|
| 650 |
|
7 |
|a BUSINESS & ECONOMICS
|x Infrastructure.
|2 bisacsh
|
| 650 |
|
7 |
|a SOCIAL SCIENCE
|x General.
|2 bisacsh
|
| 650 |
|
7 |
|a Housing policy.
|2 fast
|0 (OCoLC)fst00962432
|
| 650 |
|
7 |
|a Public housing.
|2 fast
|0 (OCoLC)fst01082447
|
| 651 |
|
7 |
|a Europe.
|2 fast
|0 (OCoLC)fst01245064
|
| 655 |
|
4 |
|a Electronic books.
|
| 700 |
1 |
|
|a Scanlon, Kathleen.
|
| 700 |
1 |
|
|a Whitehead, Christine M. E.
|
| 700 |
1 |
|
|a Fernández Arrigoitia, Melissa,
|d 1980-
|
| 776 |
0 |
8 |
|i Print version:
|t Social housing in Europe.
|d Hoboken, New Jersey : John Wiley & Sons Inc., 2014
|z 9781118412343
|w (DLC) 2013046739
|
| 830 |
|
0 |
|a Real estate issues (Oxford, England)
|
| 856 |
4 |
0 |
|u https://doi.org/10.1002/9781118412367
|z Full Text via HEAL-Link
|
| 994 |
|
|
|a 92
|b DG1
|